000 00450nam a2200181Ia 4500
001 3927
005 20260306145719.0
008 260306t1990||||xx |||||||||||||| ||spa||
041 _aESP
082 _a305.550983
_bV66
100 _aVillalobos, Sergio [1930-...]
_eAUT
245 0 _aOrigen y ascenso de la burguesía chilena
260 _c1990
300 _a159 páginas :
_c18 cm.
650 _aGEN
654 _aCHU
942 _cLIB
_dJUS
_fJUS
_2ddc
_n
999 _c3927
_d3927